Detalles MARC
| 000 -LIDER |
| fixed length control field |
01274nam a2200349 a 4500 |
| 001 - NÚMERO DE CONTROL |
| Identificador de número de control |
000000204 |
| 003 - IDENTIFICACDOR DE NÚMERO DE CONTROL |
| control field |
DO-SdBNP |
| 005 - DATE AND TIME OF LATEST TRANSACTION |
| control field |
20170922133634.0 |
| 007 - CAMPOS FIJOS DE DESCRIPCIÓN FÍSICA |
| fixed length control field |
000000204 |
| 008 - ELEMENTOS DE LONGITUD FIJA |
| fixed length control field |
090122s1991 dr a 000 0 spa d |
| 040 ## - FUENTE DE CATALOGACIÓN |
| Agencia que crea de manera original el registro |
BPMSU |
| Idioma de catalogación |
spa |
| Agencia que realiza la transcripción |
BPMSU |
| 082 04 - NÚMERO DE CLASIFICACIÓN DECIMAL DE DEWEY |
| Classification number |
150 |
| Item number |
D542e, 1988 |
| 100 1# - ASIENTO PRINCIPAL -- NOMBRE PERSONAL |
| Nombre personal |
Díaz, José V. |
| 245 10 - MENCIÓN DE TITULO |
| Título |
Elementos de psicología / |
| Mención de responsabilidad |
José V. Díaz Estévez. |
| 250 ## - MENCIÓN DE EDICION |
| Mención de edición |
2a ed. |
| 260 ## - PUBLICACIÓN, DISTRIBUCIÓN, ETC. (PIE DE IMPRENTA) |
| Lugar de publicación, distribución, etc |
Santo Domingo : |
| Nombre del editor, distribuidor, etc. |
Rex, |
| Fecha de publicación, distribución, etc |
1988 |
| 300 ## - DESCRIPCIÓN FÍSICA |
| Extensión |
224 p. : |
| Otros detalles físicos |
il. ; |
| Dimensiones |
21cm. |
| 500 ## - NOTA GENERAL |
| Nota general |
Cuarto de bachillerato |
| 500 ## - NOTA GENERAL |
| Nota general |
Aprobado como texto básico por la Secretaria de Estado de Educación, Bellas Artes y Cultos, diciembre 1986 |
| 505 0# - NOTA DE CONTENIDO |
| Título |
La psicología sus inicios y su desarrollo -- |
| -- |
La conducta humana y los factores que la determinan -- |
| -- |
El aprendizaje humano -- |
| -- |
La personalidad -- |
| -- |
Psicopatología. |
| 650 #4 - ENCABEZAMIENTO DE MATERIA--TEMÁTICO |
| Término temático o nombre geográfico como elemento de entrada |
PSICOLOGÍA |
| 650 #4 - ENCABEZAMIENTO DE MATERIA--TEMÁTICO |
| Término temático o nombre geográfico como elemento de entrada |
PERSONALIDAD |
| 650 #4 - ENCABEZAMIENTO DE MATERIA--TEMÁTICO |
| Término temático o nombre geográfico como elemento de entrada |
PSICOPATOLOGÍA |
| 650 #4 - ENCABEZAMIENTO DE MATERIA--TEMÁTICO |
| Término temático o nombre geográfico como elemento de entrada |
CONDUCTA (PSICOLOGÍA) |
| 910 ## - VALIDACIÓN |
| Validación |
Validado. Control de calidad MFF |
| 930 #1 - EQUIVALENCE OR CROSS-REFERENCE-UNIFORM TITLE HEADING [LOCAL, CANADA] |
| Language of a work |
BND01 |
| Medium of performance for music |
LF1 |
| Linkage |
052042 |
| Field link and sequence number |
20090622 |
| Date of a work |
01 |
| Name of part/section of a work |
HD |
| 942 ## - ADDED ENTRY ELEMENTS (KOHA) |
| Source of classification or shelving scheme |
Dewey Decimal Classification |
| Koha item type |
Libros |
| 945 ## - INFORMACIÓN DE PROCESAMIENTO LOCAL |
| Información de procesamiento local |
Titulo remanejado para BNPHU |
| 956 ## - LOCAL ELECTRONIC LOCATION AND ACCESS (OCLC) |
| Nombre de host |
TMEREDITH |
| Número de acceso |
10 |
| Información de compresión |
20110913 |
| Inicio de sesión |
BND01 |
| Procesador de solicitud |
1107 |
| 956 ## - LOCAL ELECTRONIC LOCATION AND ACCESS (OCLC) |
| Nombre de host |
MFILETO |
| Número de acceso |
40 |
| Información de compresión |
20140618 |
| Inicio de sesión |
BND01 |
| Procesador de solicitud |
1120 |
| 956 ## - LOCAL ELECTRONIC LOCATION AND ACCESS (OCLC) |
| Nombre de host |
VMATEO |
| Número de acceso |
10 |
| Información de compresión |
20151002 |
| Inicio de sesión |
BPMSU |
| Procesador de solicitud |
00151 |